000 00548nam a22001817a 4500
005 20260302124518.0
010 _aBACCHEN26
020 _a9789391824228
_c450.00
037 _bShivani Book Agency
082 _21
_aS
100 _aSharma, Ashutosh
_988010
245 _aThe Stories of Tenali Raman/
_cAshutosh Sharma
250 _a1
260 _aDelhi
_bShivani Book Agency
_c2025
270 _aA-55B Gali NO-6 Jagatpuri Extn.
_bDelhi
_e110093
_k09560228505
_mshivanibookagency@gmail.com
300 _a81p.
_c22cm(Hb)
942 _2ddc
_cCH
_mSHA
_hS
999 _c215255
_d215255